Southville International School and Colleges
Your cart is empty.
  • Cart
  • Lists
    Public lists list_1 View all
    Your lists Log in to create your own lists
  • Log in to your account
  • Your cookies
  • Search history
Southville International School and Colleges
  • Advanced search
  • Recent comments
  • Most popular
  • Libraries

Log in to your account

Log in with GOOGLE


If you do not have an external account, but do have a local account, you can still log in:

  1. Home
  2. MARC view: 20,000 words :
Normal view MARC view ISBD view

20,000 words : (Record no. 117823)

[ view plain ]
MARC details
000 -LEADER
fixed length control field 00493nam a2200169Ia 4500
005 - DATE AND TIME OF LATEST TRANSACTION
control field 20140609131828.0
008 - FIXED-LENGTH DATA ELEMENTS--GENERAL INFORMATION
fixed length control field 140529s9999 xx 000 0 und d
020 ## - INTERNATIONAL STANDARD BOOK NUMBER
International Standard Book Number 9710822357
050 ## - LIBRARY OF CONGRESS CALL NUMBER
Classification number PE 1146
Item number .L39 1977
100 ## - MAIN ENTRY--PERSONAL NAME
Personal name Leslie, Louis A.
245 ## - TITLE STATEMENT
Title 20,000 words :
Remainder of title spelled and divided for quick reference /
Statement of responsibility, etc Louis A. Leslie
250 ## - EDITION STATEMENT
Edition statement 7th ed.
260 ## - PUBLICATION, DISTRIBUTION, ETC. (IMPRINT)
Place of publication, distribution, etc New York :
Name of publisher, distributor, etc Gregg Division, McGraw-Hill,
Date of publication, distribution, etc c1977.
300 ## - PHYSICAL DESCRIPTION
Extent 250 p. ;
Dimensions 14 cm.
942 ## - ADDED ENTRY ELEMENTS (KOHA)
Koha item type Books
Source of classification or shelving scheme Library of Congress Classification
Holdings
Withdrawn status Lost status Source of classification or shelving scheme Damaged status Home library Current library Shelving location Date acquired Cost, normal purchase price Total Checkouts Full call number Barcode Date last seen Price effective from Koha item type
    Library of Congress Classification   College Library College Library Reference Section 05/30/2014 21.00   PE 1146 .L39 1977 C0687 05/15/2018 05/30/2014 Books

20,000 words :

APA

Leslie L. A., . (1977). 20,000 words. New York: Gregg Division, McGraw-Hill.

Chicago

Leslie Louis A, . 1977. 20,000 words. New York: Gregg Division, McGraw-Hill.

Harvard

Leslie L. A., . (1977). 20,000 words. New York: Gregg Division, McGraw-Hill.

MLA

Leslie Louis A, . 20,000 words. New York: Gregg Division, McGraw-Hill. 1977.

  • Place hold
  • Print
  • Cite
  • Add to your cart (remove)
  • Save record
    BIBTEX Dublin Core MARCXML MARC (non-Unicode/MARC-8) MARC (Unicode/UTF-8) MARC (Unicode/UTF-8, Standard) MODS (XML) RIS
  • More searches
    Search for this title in:
    Other Libraries (WorldCat) Other Databases (Google Scholar) Online Stores (Bookfinder.com) Open Library (openlibrary.org)

Exporting to Dublin Core...

SOUTHVILLE LIBRARY

Southville International School and Colleges Library

1281 Tropical Ave. Cor. Luxembourg St., BF Homes International, Las Pinas City

Tel. No. 8256374 / 252358 Loc. 117/146

Powered by Koha